[Event "Cacoal op"]
[Site "Cacoal"]
[Date "2025.03.02"]
[Round "5"]
[White "De Matos, Igor Pansini"]
[Black "Lemos, Paulo Henrique Corr"]
[Result "0-1"]
[WhiteElo "1734"]
[BlackElo "1800"]
[PlyCount "36"]
[EventDate "2025.02.28"]
[EventType "swiss"]
[EventRounds "6"]
[EventCountry "BRA"]
[SourceTitle "CB12_2025"]
[SourceDate "2025.03.19"]
[SourceVersion "1"]
[SourceVersionDate "2025.03.19"]
[SourceQuality "1"]

1. d4 Nf6 2. e3 g6 3. e4 d6 4. e5 dxe5 5. dxe5 Qxd1+ 6. Kxd1 Ng4 7. Nf3 Nxf2+ 8. Ke1 Nxh1 9. Nc3 Bg7 10. Be3 Nc6 11. Rd1 0-0 12. Bd3 Bg4 13. Ne4 Nxe5 14. Bc4 Nxc4 15. Nfg5 Bxd1 16. Kxd1 Nxe3+ 17. Kc1 Rfd8 18. Kb1 Rd1# 0-1

[Event "Cacoal op"]
[Site "Cacoal"]
[Date "2025.03.02"]
[Round "6"]
[White "Lemos, Paulo Henrique Corr"]
[Black "Lourenco, Vanda Goncalves"]
[Result "1-0"]
[WhiteElo "1800"]
[BlackElo "1508"]
[PlyCount "71"]
[EventDate "2025.02.28"]
[EventType "swiss"]
[EventRounds "6"]
[EventCountry "BRA"]
[SourceTitle "CB12_2025"]
[SourceDate "2025.03.19"]
[SourceVersion "1"]
[SourceVersionDate "2025.03.19"]
[SourceQuality "1"]

1. e4 b6 2. Bc4 Bb7 3. Nc3 e6 4. Bb3 Bb4 5. Nge2 Nf6 6. d3 Bc5 7. 0-0 h6 8. a3 Nc6 9. d4 Be7 10. Ng3 d6 11. Be3 h5 12. f3 h4 13. Nge2 Ba6 14. Ba4 Qd7 15. d5 exd5 16. exd5 Bb7 17. Nd4 0-0-0 18. dxc6 Kb8 19. cxd7 d5 20. Nc6+ Bxc6 21. Bxc6 Nxd7 22. Qe2 Nc5 23. b4 Rd6 24. b5 h3 25. g3 Bf6 26. Bxc5 Re6 27. Qd2 bxc5 28. Rae1 Bd4+ 29. Kh1 Rd8 30. Rxe6 fxe6 31. Re1 Rd6 32. Na4 e5 33. c3 Rf6 34. cxd4 cxd4 35. Qxd4 e4 36. Rxe4 1-0